All Greek Gods, Goddesses, Titans, and Titanesses - Statistics

General Stats
  • This quiz has been taken 177 times
  • The average score is 52 of 141
Answer Stats
Answer % Correct
God of the Underworld Hades
98%
King of the Gods Zeus
98%
Goddess of beauty and love Aphrodite
93%
Queen of the Gods Hera
93%
God of thievery and travel Hermes
93%
God of the sea and earthquakes Poseidon
93%
God of war Ares
92%
God of poetry, sun, and archery Apollo
90%
Goddess of the hunt and the moon Artemis
88%
Goddess of springtime, wife of above Persephone
88%
God of wine and revelry Dionysus
86%
Goddess of wisdom Athena
83%
Goddess of agriculture Demeter
81%
Goddess of strife and discord Eris
80%
God of love Eros
80%
God of the Wild Pan/Faunus
76%
Demigod turned god after completing 12 labors Heracles
75%
Goddess of victory Nike
75%
Oldest goddess, youngest olympian Hestia
71%
God of sleep Hypnos
71%
Titan of agriculture Kronus
71%
Goddess of night Nyx
71%
Titan forced to hold up the sky Atlas
69%
Goddess of revenge and balance Nemesis
68%
God of death Thanatos
68%
Prymordial entity (created everything) Chaos
66%
Goddess of magic Hecate
61%
God of time Kronos
61%
Goddess of the earth Gaea
59%
God of the sun before Apollo Helios
59%
Goddess of youth Hebe
58%
Titan of forethought; credited for creating man and giving them fire Prometheus
58%
Son of above Triton
58%
Goddess of dawn Eos
56%
God of the sea before Nereus Oceanus
54%
God of fire and crafts Hepheastus
53%
God of dreams Morpheus
53%
God of the sky Ouranos
53%
Goddess of the moon before Artemis Selene
53%
Ferryman to the Underworld Charon
51%
Titan of fertility Rhea
51%
God of the North wind Boreas
49%
God of the deep abyss Tartarus
49%
God of medicine Asclepius
47%
Centaur that's trained many heroes Chiron
47%
Titan of light and the sun Hyperion
47%
God of fear Phobos
47%
Titan of childbirth mother of Artemis and Apollo Leto
46%
God of the West wind Zephyrus
46%
God of darkness Erebus
44%
Titaness of water-meadows and pasturelands; ruler of the world with her husband Ophion before Cronus and Rhea Eurynome
44%
Goddess of rainbows Iris
44%
Goddesses of art Nine Muses
44%
Goddess of the river that seperates earth and the Underworld Styx
42%
God of terror and dread Deimos
41%
Goddesses of rivers Nymphs
39%
Titan ruler with his wife Eurynome Ophion
39%
Goddess of the soul Psyche
39%
God of all winds Aeolus
37%
Torturers of the Underworld Furies
37%
Titan of the sea before Poseidon Nereus
36%
First pegasi born from Medusa and Poseidon Pegasus
36%
Goddess of luck, fortune and chance Tyche
36%
God of the upper atmosphere Aether
34%
Goddesses of trees Dryads
34%
Patron god of the Achelous River Achelous
32%
The controlers of lfe Fates
32%
Goddess of harmony and concord Harmonia
32%
God of strength and power Kratos
32%
Titaness of fresh water Tethys
32%
Titaness of divine law and order Themis
32%
Titaness of memory Mnemosyne
31%
Titaness of the moon Phoebe
31%
God of the East wind Eurus
27%
God of the South wind Notus
27%
Titaness of light wife of Hyperion Theia
27%
Primordial goddess of creation Thetis
27%
God of family fueds and evil deeds Alastor
25%
Goddess of war Enyo
25%
Titan of warcraft Pallas
25%
God of wealth Plutus
25%
Sea goddess Amphitrite
24%
Titan of heavenly constellations Crius
24%
Titan of forethought Epimetheus
24%
God of old age Geras
24%
Goddesses of springs Naiads
24%
Goddesses of the sea Nereids
24%
Titaness of nocturnal oracles and shooting stars Asteria
22%
Goddess of night Hemera
22%
Titaness of wisdom Metis
22%
God of envy, jealousy and zeal Zelus
22%
Titan of dusk and wind Astraeus
20%
Titan of the stars Crios
20%
God of sea monsters Phorcys
20%
Goddess of sea dangers Ceto
19%
God of doom Moros
19%
God of fertility Priapus
19%
Primordial goddess of the sea Thalassa
19%
God of animal husbandry Aristaeus
17%
God of vegitation Attis
17%
Goddess of hygiene Hygieia
17%
God of unfair criticism Momus
17%
Goddess of pain and misery Oizys
17%
Titan of destruction Perses
17%
Titaness of the sea Eurybia
15%
Goddess of inevitability, compulsion and necessity Ananke
14%
Titaness of renown, fame and infamy Clymene
14%
Goddess of childbirth Eileithyia
14%
Titan of rage and human mortality Menoetius
14%
Mountain gods Ourea
14%
Goddess of deceit Apate
12%
Primordial goddess of the earth Cybele
12%
God of trickery Dolos
12%
Goddess of nursing and mothers Maia
10%
Goddess of the proccess of healing Aceso
8%
God of desire and beauty Adonis
8%
Goddess of gentle breezes Aura
8%
Gods of sailors, horsemanship and travelers Castor and Pollux
8%
Goddess of grace and beauty Charites
8%
Goddess of justice Dike
8%
Goddess of night Europa
8%
God of marriage ceremonies Hymenaios
8%
God of procreation and generation of new life Phanes
8%
Goddess of truth Aletheia
7%
Goddess of beauty and splendor Algaea
7%
Minor god of luck Caerus
7%
Titaness of Nymphs Dione
7%
Goddess of justice Eirene
7%
God of rain Ganymede
7%
Primordial water Hydrus
7%
Titan of air Lelantos
7%
Less powerful god Oneiroi
7%
Minor god Zagreus
7%
God of requited love Anteros
5%
Goddess of nature Echo
5%
God of the deep sea Pomtus
5%
Titan of craftsmanship and mortality Iepatus
3%
Goddess of sex Philotes
3%
God of the wonders of the ocean Thaumas
3%
Goddess of warmth Anchiale
2%
Titan of inquisitive minds and intellect Polus
0%
No matching quizzes found
Score Distribution
Percent of People with Each Score
Percentile by Number Answered
Your Score History
You have not taken this quiz